000 00922nas a2200265 4500
001 BR2013002540
003 BR-BrBNA
005 20231205122124.0
007 ta
008 230509b bl.|||p| |||| 00| 00por d
040 _aBR-BrBNA
_bpor
_cBiblioteca Nacional de Agricultura
041 _a(Pt)
072 _aP01; L60; U40
100 1 _aTiepolo, L.M.
100 1 _aTomas, W.M.
100 1 _aLima-Borges, P.A.
245 1 _aLevantamento populacional do cervo-do-pantanal Blastocerus dichotomus (Mammalia, Cervidae)no Parque Nacional de Ilha Grande e entorno: implicações para a conservação
650 _aVEADO
650 _aDISTRIBUIÇÃO GEOGRÁFICA
650 _aLEVANTAMENTO POPULACIONAL
650 _aCONSERVAÇÃO
773 0 _tIheringia. Série Zoologia (Brazil)
_xISSN 0073-4721
_g(Jun 2010), v. 100(2) p. 111-115
_wBR2013002540
909 _a202311
_bLúcia
_c55
_dLúcia Elande
942 _2AGRIS
_n0
_cANA
999 _c227038
_d227038